NBA Teams by Player #2 - Statistics

General Stats
  • This quiz has been taken 43 times
    33 since last reset
  • The average score is 22 of 43
Answer Stats
Hint Answer % Correct
Dwight Howard Orlando Magic
97%
Jimmy Butler Chicago Bulls
79%
Jimmy Butler Golden State Warriors
79%
Jimmy Butler Miami Heat
79%
Jimmy Butler Minnesota Timberwolves
76%
Dennis Rodman Chicago Bulls
72%
Dwight Howard Los Angeles Lakers
72%
Carmelo Anthony Denver Nuggets
69%
Dennis Rodman Detroit Pistons
69%
Carmelo Anthony New York Knicks
69%
Allen Iverson Philadelphia 76ers
69%
Dwyane Wade Miami Heat
66%
Jimmy Butler Philadelphia 76ers
66%
DeMar DeRozan Toronto Raptors
66%
Dwyane Wade Cleveland Cavaliers
62%
DeMar DeRozan Chicago Bulls
59%
Allen Iverson Denver Nuggets
59%
Carmelo Anthony Los Angeles Lakers
59%
Dwyane Wade Miami Heat
59%
DeMar DeRozan San Antonio Spurs
59%
Dwight Howard Houston Rockets
55%
Dennis Rodman San Antonio Spurs
55%
Dwyane Wade Chicago Bulls
52%
Andre Iguodala Philadelphia 76ers
52%
Andre Iguodala Golden State Warriors
48%
Carmelo Anthony Portland Trail Blazers
48%
Andre Iguodala Golden State Warriors
45%
Allen Iverson Memphis Grizzlies
45%
Dwight Howard Los Angeles Lakers
41%
Allen Iverson Philadelphia 76ers
41%
Dennis Rodman Los Angeles Lakers
38%
Dwight Howard Atlanta Hawks
34%
Dennis Rodman Dallas Mavericks
34%
Allen Iverson Detroit Pistons
34%
Dwight Howard Los Angeles Lakers
34%
Dwight Howard Charlotte Hornets
31%
Carmelo Anthony Houston Rockets
31%
Carmelo Anthony Oklahoma City Thunder
24%
Andre Iguodala Denver Nuggets
21%
Andre Iguodala Miami Heat
17%
Dwight Howard Philadelphia 76ers
17%
Dwight Howard Washington Wizards
14%
DeMar DeRozan Sacramento Spurs
3%
No matching quizzes found
Score Distribution
Percent of People with Each Score
Percentile by Number Answered
Your Score History
You have not taken this quiz since the last reset